000
00318nam a2200133Ia 4500
005
20260326100036.0
008
260326s9999||||xx |||||||||||||| ||und||
100
_a
Krauel, Jacobo
245
0
_a
Elementos Urbanos 1 /
_c
Jacobo Krauel
260
_b
Links
300
_a
179 p.
650
_a
DISEÑO INDUSTRIAL
942
_c
BK
999
_c
6804
_d
6804